UEFA Euro 2008 - Teams - Statistics

General Stats
  • This quiz has been taken 88 times
  • The average score is 15 of 16
Answer Stats
Squadra % Correct
Netherlands
99%
Spain
99%
Italy
97%
France
96%
Portugal
96%
Austria
95%
Germany
95%
Switzerland
95%
Croatia
94%
Poland
94%
Russia
92%
Sweden
92%
Turkey
92%
Czech Republic
91%
Greece
87%
Romania
82%
No matching quizzes found
Score Distribution
Percent of People with Each Score
Percentile by Number Answered
Your Score History
You have not taken this quiz